000 00322nam a2200145Ia 4500
100 _aHobbs/ Ashton
942 _cBK
654 _acomputer
245 _aT.Y. Database Programming with JDBC in 21 days
260 _bTechmedia
_c1997
082 _a005.133'JDBC
_bHO
300 _a524
546 _aENGLISH
999 _c18712
_d18712